INVESTMENT ANALYSIS AND PORTFOLIO MANAGEMENT/ (Record no. 213155)

MARC details
000 -LEADER
fixed length control field 00627nam a22001937a 4500
005 - DATE AND TIME OF LATEST TRANSACTION
control field 20250915155206.0
010 ## - LCCN (DPL NO)
LC control number ENG-146557
020 ## - INTERNATIONAL STANDARD BOOK NUMBER
Terms of availability 1050.00
International Standard Book Number 9789364443593
035 ## - SYSTEM CONTROL NUMBER
System control number EN-130089
037 ## - SOURCE OF ACQUISITION
Source of stock number/acquisition DBAD
082 ## - DEWEY DECIMAL CLASSIFICATION NUMBER
Classification number 336.6
100 ## - MAIN ENTRY--PERSONAL NAME
Personal name CHANDRA, PRASANNA
245 ## - TITLE STATEMENT
Title INVESTMENT ANALYSIS AND PORTFOLIO MANAGEMENT/
Remainder of title PRASANNA CHANDRA
250 ## - EDITION STATEMENT
Edition statement Seventh edition
260 ## - PUBLICATION, DISTRIBUTION, ETC. (IMPRINT)
Place of publication, distribution, etc Chennai
Name of publisher, distributor, etc Mcgraw hill education (india) private limited
Date of publication, distribution, etc 2026
270 ## - ADDRESS
Address Anjana complex no: 5/90A, butt road, st. thomas mount,
City Chennai
Postal code 600016
300 ## - PHYSICAL DESCRIPTION
Extent Vp.
Dimensions 24cm(pb)
942 ## - ADDED ENTRY ELEMENTS (KOHA)
Source of classification or shelving scheme Dewey Decimal Classification
Item type English Books
Call number suffix CHA
Classification part 336.6
Holdings
Withdrawn status Lost status Not for loan Collection code Home library Current library Date acquired Source of acquisition Cost, normal purchase price Full call number Barcode Copy number Cost, replacement price Koha item type
    Not For Loan Non-fiction D.B.Act.Division D.B.Act.Division 26/08/2025 DBAD 1050.00 CHA 336.6 EN-130089 1 1050.00 English Books

© Delhi Public Library
Hit Counter
free hit counter